Actors who worked with Lee Tamahori - Statistics

General Stats
  • This quiz has been taken 5 times
  • The average score is 35 of 60
Answer Stats
Film(s) Answer % Correct
The Edge Alec Baldwin
100%
The Edge Anthony Hopkins
100%
Die Another Day Halle Berry
100%
XXX: State of the Union Ice Cube
100%
Next Nicolas Cage
100%
Die Another Day Pierce Brosnan
100%
Once Were Warriors, Mahana Temuera Morrison
100%
Mulholland Falls Chris Penn
75%
Mulholland Falls Daniel Baldwin
75%
The Devil's Double Dominic Cooper
75%
Mulholland Falls Jennifer Connelly
75%
Next Jessica Biel
75%
Die Another Day John Cleese
75%
Mulholland Falls John Malkovich
75%
Next Julianne Moore
75%
Mulholland Falls, Die Another Day Michael Madsen
75%
Along Came a Spider Monica Potter
75%
Along Came a Spider Morgan Freeman
75%
Mulholland Falls Nick Nolte
75%
XXX: State of the Union Willem Dafoe
75%
Mulholland Falls Andrew McCarthy
50%
The Convert Antonio Te Maioha
50%
Along Came a Spider Billy Burke
50%
Mulholland Falls Bruce Dern
50%
Mulholland Falls Chazz Palminteri
50%
Once Were Warriors Cliff Curtis
50%
Along Came a Spider Dylan Baker
50%
The Edge Elle Macpherson
50%
The Convert Guy Pearce
50%
The Edge Harold Perrineau
50%
The Convert Jacqueline McKenzie
50%
Mahana Jim Moriarty
50%
Die Another Day Judi Dench
50%
Once Were Warriors Julian Arahanga
50%
Mulholland Falls Kyle Chandler
50%
The Convert Lawrence Makoare
50%
The Devil's Double Ludivine Sagnier
50%
Die Another Day Madonna
50%
Once Were Warriors Mamaengaroa Kerr-Bell
50%
Mulholland Falls Melanie Griffith
50%
Along Came a Spider Michael Moriarty
50%
Along Came a Spider Michael Wincott
50%
Mahana Nancy Brunning
50%
Along Came a Spider Penelope Ann Miller
50%
Next Peter Falk
50%
XXX: State of the Union Peter Strauss
50%
Once Were Warriors Rena Owen
50%
Die Another Day Rick Yune
50%
Die Another Day Rosamund Pike
50%
Die Another Day Samantha Bond
50%
XXX: State of the Union Scott Speedman
50%
Next Thomas Kretschmann
50%
Die Another Day Toby Stephens
50%
Next Tory Kittles
50%
Mulholland Falls Treat Williams
50%
Die Another Day Will Yun Lee
50%
Along Came a Spider Anton Yelchin
25%
Mahana John Leigh
0%
Mahana Stephen Lovatt
0%
The Convert Tioreore Ngatai-Melbourne
0%
No matching quizzes found
Score Distribution
Percent of People with Each Score
Percentile by Number Answered
Your Score History
You have not taken this quiz